Paradojas de la letra
I tiakina i:
| Kaituhi matua: | |
|---|---|
| Hōputu: | Pukapuka |
| Reo: | Pāniora |
| I whakaputaina: |
Caracas
Excultura
1996
|
| Putanga: | 1a. ed |
| Rangatū: | Excultura, 1
|
| Ngā marau: | |
| Ngā Tūtohu: |
Tāpirihia he Tūtohu
Kāore He Tūtohu, Me noho koe te mea tuatahi ki te tūtohu i tēnei pūkete!
|
MARC
| LEADER | 00000cam a2200000 a 4500 | ||
|---|---|---|---|
| 001 | UCE2858 | ||
| 003 | CL-VaPUC | ||
| 008 | 140731e19960000ve |||||||||||||||||spa|d | ||
| 020 | |a 9800732225 | ||
| 082 | 0 | 4 | |a 860.9358 |b RAM |2 21 |
| 100 | 0 | |a Ramos, Julio |e author |9 575413 | |
| 245 | 1 | 0 | |a Paradojas de la letra |
| 250 | |a 1a. ed | ||
| 300 | |a 186 p | ||
| 942 | |c BK | ||
| 945 | |d 20140731 15:45:00 |a dcastane | ||
| 260 | |a Caracas |b Excultura |c 1996 | ||
| 650 | 0 | |a Literatura hispanoamericana |9 269097 | |
| 650 | 7 | |a POLITICA Y LITERATURA |2 CL-VaPUC |9 318936 | |
| 650 | 0 | |a Historia y crítica |9 257407 | |
| 583 | |a last modification |c 20140731 15:45:00 |k Rodrigo Vera | ||
| 490 | 0 | |a Excultura, 1 | |
| 999 | |c 356398 |d 356396 | ||
| 952 | |0 0 |1 0 |3 erb |4 0 |6 860_935800000000000_RAM_1996 |7 0 |8 A |9 463714 |a BIBEDU |b BIBEDU |i 5092213 |o 860.9358 RAM 1996 |p 5092213 |r 2019-11-23 |w 2019-11-23 |y BK |z Catalogado en:20140731 |k LIT | ||